000 00452nam a2200181Ia 4500
001 17936
005 20260306171553.0
008 260306s9999||||xx |||||||||||||| ||und||
041 _aESP
082 _a658.3
_bF65
100 _aFlórez García Rada, Javier
_eAUT
245 0 _aEl comportamiento humano en las organizaciones
260 _c2005
300 _a536 páginas :
_c20 cm.
650 _aGEN
654 _aCAN
942 _cLIB
_dJUS
_fJUS
_2ddc
_n
999 _c17936
_d17936